Landen die beginnen met I - Statistieken

Algemene statistieken
  • Deze quiz is 15.059 keer genomen
  • De gemiddelde score is 6 van 9
Antwoordstatistieken
Land % Correct
Ierland
89%
India
81%
Indonesië
81%
IJsland
72%
Iran
70%
Irak
69%
Italië
69%
Israël
59%
Ivoorkust
58%
Geen overeenkomende quizzen gevonden
Scoreverdeling
Procent van Mensen met Elke Score
Percentiel versus Aantal Correcte Antwoorden
Uw Scoregeschiedenis
U heeft deze quiz nog niet genomen